Normal view
MARC view
Entry Término temático
001 - NÚMERO DE CONTROL
- campo de control: 78498
003 - IDENTIFICADOR DEL NÚMERO DE CONTROL
- campo de control: DO-SdBNP
005 - FECHA Y HORA DE LA ÚLTIMA TRANSACCIÓN
- campo de control: 20210427152324.0
008 - DATOS DE LONGITUD FIJA
- campo de control de longitud fija: 210427|| aca||aabn | a|a d
040 ## - FUENTE DE LA CATALOGACIÓN
- Centro catalogador/agencia de origen: DO-SdBNP
- Centro/agencia transcriptor: DO-SdBNP
150 ## - ENCABEZAMIENTO--TÉRMINO DE MATERIA
- Término de materia o nombre geográfico como elemento de entrada: Instalaciones (Arte)
- Subdivisión cronológica: Siglo XX
- Subdivisión de forma: Exposiciones
670 ## - FUENTE DE DATOS ENCONTRADOS
- Cita de la fuente: Work cat.: (DO-SdBNP)20146: Bienal Nacional de Artes Visuales (28 : 2015 : Santo Domingo, República Dominicana) 76637, 28 Bienal Nacional de Artes Visuales :, 2019.
